000 00367 a2200121 4500
001 ART_6711
005 20260410161826.0
008 260409a
245 1 0 _aProbabilidad estimada de trabajo decente en la industria
100 1 _aAlegre, Patricia
700 1 _aLiseras, Natacha
773 0 _tFACES
_g- Año 14, Nº 30/31 (ene./dic. 2008)
_wREV5046
999 _c22823
_d22823